Life Planning for Retirees Money and Beyond / (Record no. 172366)

MARC details
000 -LEADER
fixed length control field 00577nam a22001817a 4500
005 - DATE AND TIME OF LATEST TRANSACTION
control field 20200204142027.0
010 ## - LCCN (DPL NO)
LC control number ENG-127626
020 ## - INTERNATIONAL STANDARD BOOK NUMBER
International Standard Book Number 9789384061982
Terms of availability 299.00
035 ## - SYSTEM CONTROL NUMBER
System control number EN-111158
037 ## - SOURCE OF ACQUISITION
Source of stock number/acquisition DBAD/PUB
082 ## - DEWEY DECIMAL CLASSIFICATION NUMBER
Classification number 332.024014
100 ## - MAIN ENTRY--PERSONAL NAME
Personal name Mashruwala,Gaurav
245 ## - TITLE STATEMENT
Title Life Planning for Retirees Money and Beyond /
Remainder of title by Gaurav Mashruwala
260 ## - PUBLICATION, DISTRIBUTION, ETC. (IMPRINT)
Place of publication, distribution, etc Mumbai
Name of publisher, distributor, etc Bestsellers18
Date of publication, distribution, etc 2013
270 ## - ADDRESS
City Mumbai
Address B-23,Royal Industrial Estate,5-B, Naigun Cross Road,Wadala
Postal code 400013
300 ## - PHYSICAL DESCRIPTION
Extent 132p.
Other physical details 20cm(pbk)
942 ## - ADDED ENTRY ELEMENTS (KOHA)
Source of classification or shelving scheme Dewey Decimal Classification
Item type English Books
Classification part 332.024014
Call number suffix MAS
Holdings
Withdrawn status Lost status Not for loan Collection code Home library Current library Date acquired Source of acquisition Cost, normal purchase price Full call number Barcode Copy number Cost, replacement price Koha item type
      Non-fiction Sarojini Nagar Sarojini Nagar 03/02/2020 DBAD/PUB 299.00 332.024014 MAS EN-111158 1 299.00 English Books

© Delhi Public Library
Hit Counter
free hit counter